000 01243nam a22002777a 4500
005 2011080406576.0
008 090728t xxu||||| |||| 00| 0 pun d
010 _aPUN-7089-90
020 _c45.00 (ਭਾ-1)
020 _c32.00 (ਭਾ-2)
035 _aPN-6207-08
037 _bDBAD / PUB
040 _adpl
_bpn
082 _a260
100 _924414
_aਕਰਤਾਰ ਸਿੰਘ
245 _a ਸਿੱਖ ਇਤਿਹਾਸ /
_cਕਰਤਾਰ ਸਿੰਘ
246 _aSikh Itihaas
_bby Kartar Singh
260 _aਅੰਮ੍ਰਿਤਸਰ
_bਸ਼੍ਰੋਮਣੀ ਗੁਰਦੁਆਰਾ ਪ੍ਰਬੰਧਕ ਕਮੇਟੀ
_c2010
270 _aS.G.P.C.
_bAmritsar
_e143002
300 4 _a2 ਭਾਗ (ਭਾ1.456 ਸਫੇ ),(ਭਾ2.280).
_c18ਸੇਂਮੀ (ਸਜਿਲੱਦ)
600 _931401
650 _924431
942 _2ddc
_cPN
_h260
_mਕਰਤਾ
999 _c57409
_d57409